Remaking Europe : (Record no. 118126)
[ view plain ]
| 000 -LEADER | |
|---|---|
| fixed length control field | 01016cam a2200301 a 4500 |
| 001 - CONTROL NUMBER | |
| control field | 4465898 |
| 003 - CONTROL NUMBER IDENTIFIER | |
| control field | ARRUPE |
| 005 - DATE AND TIME OF LATEST TRANSACTION | |
| control field | 20130927114314.0 |
| 008 - FIXED-LENGTH DATA ELEMENTS--GENERAL INFORMATION | |
| fixed length control field | 951213s1994 enk b 001 0 eng d |
| 010 ## - LIBRARY OF CONGRESS CONTROL NUMBER | |
| LC control number | 95233893 |
| 020 ## - INTERNATIONAL STANDARD BOOK NUMBER | |
| International Standard Book Number | 0281047723 |
| 035 ## - SYSTEM CONTROL NUMBER | |
| System control number | (OCoLC)32005043 |
| 040 ## - CATALOGING SOURCE | |
| Original cataloging agency | OWorP |
| Transcribing agency | OWorP |
| Modifying agency | CU-A |
| -- | DLC |
| 042 ## - AUTHENTICATION CODE | |
| Authentication code | lccopycat |
| 043 ## - GEOGRAPHIC AREA CODE | |
| Geographic area code | e------ |
| 050 04 - LIBRARY OF CONGRESS CALL NUMBER | |
| Classification number | BR115.W6 |
| Item number | H86 1994 |
| 300 ## - PHYSICAL DESCRIPTION | |
| Dimensions | 20 cm. |
| 100 1# - MAIN ENTRY--PERSONAL NAME | |
| Personal name | Hume, Basil, |
| Dates associated with a name | 1923-1999. |
| 9 (RLIN) | 1601 |
| 245 10 - TITLE STATEMENT | |
| Title | Remaking Europe : |
| Remainder of title | the gospel in a divided continent / |
| Statement of responsibility, etc | Basil Hume. |
| 260 ## - PUBLICATION, DISTRIBUTION, ETC. (IMPRINT) | |
| Place of publication, distribution, etc | London : |
| Name of publisher, distributor, etc | Society for Promoting Christian Knowledge, |
| Date of publication, distribution, etc | 1994. |
| 300 ## - PHYSICAL DESCRIPTION | |
| Extent | xii, 107 p. ; |
| 504 ## - BIBLIOGRAPHY, ETC. NOTE | |
| Bibliography, etc | Includes bibliographical references and index. |
| 650 #0 - SUBJECT ADDED ENTRY--TOPICAL TERM | |
| Topical term or geographic name as entry element | Church and the world. |
| 9 (RLIN) | 1602 |
| 650 #0 - SUBJECT ADDED ENTRY--TOPICAL TERM | |
| Topical term or geographic name as entry element | Christianity |
| Chronological subdivision | 20th century. |
| 9 (RLIN) | 1603 |
| 651 #0 - SUBJECT ADDED ENTRY--GEOGRAPHIC NAME | |
| Geographic name | Europe |
| General subdivision | History |
| Chronological subdivision | 1945- |
| 9 (RLIN) | 1604 |
| 906 ## - LOCAL DATA ELEMENT F, LDF (RLIN) | |
| a | 7 |
| b | cbc |
| c | copycat |
| d | 3 |
| e | ncip |
| f | 19 |
| g | y-gencatlg |
| 942 ## - ADDED ENTRY ELEMENTS (KOHA) | |
| Source of classification or shelving scheme | Library of Congress Classification |
| Koha item type | Monograph ( Printed materials) |
| Withdrawn status | Lost status | Source of classification or shelving scheme | Damaged status | Not for loan | Home library | Current library | Shelving location | Date acquired | Total Checkouts | Full call number | Barcode | Date last seen | Price effective from | Koha item type |
|---|---|---|---|---|---|---|---|---|---|---|---|---|---|---|
| Library of Congress Classification | ARRUPE LIBRARY | ARRUPE LIBRARY | Main Collection | 27/09/2013 | BR115.W6 H86 1994 | 46410076 | 27/09/2013 | 27/09/2013 | Monograph ( Printed materials) |